Advances in preservation and processing technologies of fruits and vegetables (Record no. 15447)
[ view plain ]
| 000 -LEADER | |
|---|---|
| fixed length control field | 00465nam a22001577a 4500 |
| 003 - CONTROL NUMBER IDENTIFIER | |
| control field | OSt |
| 008 - FIXED-LENGTH DATA ELEMENTS--GENERAL INFORMATION | |
| fixed length control field | 210913b ||||| |||| 00| 0 eng d |
| 020 ## - INTERNATIONAL STANDARD BOOK NUMBER | |
| ISBN | 9789380235523 |
| 082 ## - DEWEY DECIMAL CLASSIFICATION NUMBER | |
| Classification number | 664.02 |
| Item number | RAJ/AD |
| 245 ## - TITLE STATEMENT | |
| Title | Advances in preservation and processing technologies of fruits and vegetables |
| 260 ## - PUBLICATION, DISTRIBUTION, ETC. (IMPRINT) | |
| Place of publication | New Delhi ; |
| Name of publisher | New India Publishing Agency , |
| Year of publication | 2011 . |
| 300 ## - PHYSICAL DESCRIPTION | |
| Number of Pages | 742p ; |
| 700 ## - ADDED ENTRY--PERSONAL NAME | |
| Personal name | Rajarathnam ,S . |
| 700 ## - ADDED ENTRY--PERSONAL NAME | |
| Personal name | Ramteke , R S |
| 942 ## - ADDED ENTRY ELEMENTS (KOHA) | |
| Koha item type | Books |
| Withdrawn status | Lost status | Damaged status | Home library | Current library | Date acquired | Cost, normal purchase price | Full call number | Accession Number | Koha item type | Shelving location |
|---|---|---|---|---|---|---|---|---|---|---|
| KAUAET | KAUAET | 05/06/2018 | 4000.00 | 664.02 RAJ/AD | 25728 | Books | ||||
| KAUAET | KAUAET | 07/09/2021 | 4000.00 | 664.02 RAJ/AD | 25990 | Books | NAHEP-CAAST Project |
